00626 2200205 4500001002100000005001500021035002000036007000300056008004100059020001800100082000800118084001500126100001900141245011200160250002000272260002700292300004200319600003100361856002800392INLIS00000000113697720220118095748 a0010-0122002075ta220118 0  a979-736-551-4 a640 a640 ERK s0 aNn Yoelie Erka1 aSeni Merangkai Bunga :bpedoman cara merangkai bunga, menyusun buah dan sayur style eropa /cNn Yoelie Erka acetakan pertama aSemarang :bAneka Ilmu avi+50 halaman :bilustrasi ;c13x20cm 4aKesejahteraan rumah tangga aDinas Perpustakaan Umum